Development Communication And Media Debate (Record no. 115345)

MARC details
000 -LEADER
fixed length control field 00373pam a2200145 a 4500
020 ## - INTERNATIONAL STANDARD BOOK NUMBER
Terms of availability
041 ## - LANGUAGE CODE
Language code of original
082 ## - DEWEY DECIMAL CLASSIFICATION NUMBER
Classification number 658.45000000000005
Item number MEN
100 ## - MAIN ENTRY--PERSONAL NAME
Personal name Menon, M
245 ## - TITLE STATEMENT
Title Development Communication And Media Debate
Medium Textual Documents
250 ## - EDITION STATEMENT
Edition statement 2nd ed
260 ## - PUBLICATION, DISTRIBUTION, ETC.
Place of publication, distribution, etc. New Delhi
Name of publisher, distributor, etc. Kanishka Publication And Distributors
Date of publication, distribution, etc. 2004
300 ## - PHYSICAL DESCRIPTION
Extent VII/316
930 ## - EQUIVALENCE OR CROSS-REFERENCE-UNIFORM TITLE HEADING [LOCAL, CANADA]
Uniform title 8518
Holdings
Withdrawn status Lost status Source of classification or shelving scheme Damaged status Not for loan Home library Current library Shelving location Date acquired Source of acquisition Cost, normal purchase price Total Checkouts Full call number Barcode Date last seen Copy number Price effective from Koha item type
    Dewey Decimal Classification     Abhijit Kadam Institute of Management & Social Science, Solapur Abhijit Kadam Institute of Management & Social Science, Solapur MSW Library 05/01/2006 Lokayat Prakashan 695.00   658.45000000000005 MEN AKS-W-03133 01/03/2023 1 01/03/2023 Book